Dế mèn phiêu lưu ký

Αποθηκεύτηκε σε:
Λεπτομέρειες βιβλιογραφικής εγγραφής
Κύριος συγγραφέας: Tô Hoài
Μορφή: Βιβλίο
Γλώσσα:Vietnamese
Έκδοση: TP Hồ Chí Minh Văn nghệ 1995
Έκδοση:Tái bản
Θέματα:
Ετικέτες: Προσθήκη ετικέτας
Δεν υπάρχουν, Καταχωρήστε ετικέτα πρώτοι!
Thư viện lưu trữ: Mạng thư viện Đại học Đà Nẵng
LEADER 00928nam a2200301 4500
001 000014618
003 10988
005 20120509080552.0
008 120509s1995 viesd
020 |c 8000đ 
041 0 |a vie 
082 |a 895.9223  |b TO-H 
100 0 |a Tô Hoài 
245 0 |a Dế mèn phiêu lưu ký  |c Tô Hoài 
250 |a Tái bản 
260 |a TP Hồ Chí Minh  |b Văn nghệ  |c 1995 
300 |a 224 tr.  |c 15 cm 
653 |a Truyện ngắn 
OWN |a LSP 
AVA |a UDN50  |b LSP  |d 895.9223 TO-H  |e available  |t Error 5001 Not defined in file expand_doc_bib_avail.  |f 1  |g 0  |h N  |i 0  |k 1 
999 |a From the UDN01 
AVA |a UDN50  |b LSP  |d 895.9223 TO-H  |e available  |t Error 5001 Not defined in file expand_doc_bib_avail.  |f 1  |g 0  |h N  |i 0  |k 1 
TYP |a Monograph 
TYP |a Printed language 
980 |a Mạng thư viện Đại học Đà Nẵng